000 00304cam a22001097a 4500
008 180718b1962 xxu||||| |||| 00| 0 eng d
082 _aA42x5433
100 _aPunjab. Legislative Department
245 _aPunjab acts, ordinances and regulations
260 _aChandigarh
_bThe author
_c1962
300 _a176p.
999 _c487561
_d487561